| 000 | 00786cab a2200217 4500 | ||
|---|---|---|---|
| 001 | ABS42994 | ||
| 008 | 090401t1990 xxu||||| |||| 00| 0 eng d | ||
| 035 | _a(Sirsi) u39846 | ||
| 041 | _aeng | ||
| 100 | _aMugurian, G. | ||
| 245 | _aDispute resolution - arbitration v a new method of ADR | ||
| 260 | _c1990 | ||
| 350 | _a0 | ||
| 490 |
_aCivil Engineering Surveyor _v15 (6) July-August 1990, 4-5 (2) |
||
| 520 | _aReports on a new concept used to resolve disputes called Instant Dispute Resolution IDR. Comparison with normal arbitration processes. | ||
| 650 | _aICE ARBITRATION RULES | ||
| 650 | _aJCT ARBITRATION RULES | ||
| 690 | _aMANAGEMENT-DISPUTE AVOIDANCE, MANAGEMENT AND RESOLUTION-DISPUTE MANAGEMENT AND RESOLUTION-ARBITRATION | ||
| 942 | _n0 | ||
| 948 | _c04/03/1997 | ||
| 999 |
_c25505 _d25505 |
||